| 000 | 01352cam a22002533a 4500 | ||
|---|---|---|---|
| 001 | 18176 | ||
| 003 | PGUSA | ||
| 005 | 20140828083403.0 | ||
| 008 | 060414s2006||||xxu|||||s|||||000 1 eng d | ||
| 040 |
_aPGUSA _beng |
||
| 042 | _adc | ||
| 050 | 4 | _aPR | |
| 100 | 1 |
_aHartley, John, _d1839-1915 |
|
| 245 | 1 | 0 |
_aYorkshire Tales. Third Series : _bAmusing sketches of Yorkshire Life in the Yorkshire Dialect _h[electronic resource] / _cJohn Hartley |
| 260 |
_bProject Gutenberg, _c2006 |
||
| 505 | 0 | _aGrimes' New Hat -- Sammywell Sweeps th' Chimley -- Hepsabah's Hat -- Old Dave to th' New Parson -- Sammywell's Eggsperiment -- What came of a Clock Almanac -- Sammywell's Reformation -- Sheffield Smook -- Awr Lad -- Grimes' Galloway -- True Blue; A Romance of Factory Life -- "If aw wor a Woman" -- Sammywell's Soft Snap -- A Bashful Bradfordian -- Th' Owd, Owd Story -- Jim Nation's Fish-shop -- Bob Brierley's Bull Pup -- Troubles and Trials -- Earnin' a Honest Penny -- Th' Next Mornin' -- Christmas Oysters -- Chairley's Coortin -- What a Gallus Button did | |
| 506 | _aPublic domain in the USA. | ||
| 516 | _aElectronic text | ||
| 653 | _aEnglish language -- Dialects -- England -- Yorkshire | ||
| 653 | _aYorkshire (England) -- Fiction | ||
| 830 | 0 |
_aProject Gutenberg _v18176 |
|
| 856 | 4 | 0 | _uhttp://www.gutenberg.org/ebooks/18176 |
| 942 | _cEB | ||
| 999 |
_c247431 _d247431 |
||